Personnalités Franc-Comtoises - Mort subite - Statistiques

Statistiques générales
  • Ce quiz a été pris 23 fois
    20 depuis la dernière actualisation
  • Le résultat moyen est 3 sur 10
Answers on the Grid
Answers color-coded by a green-red scale on the quiz's grid according to % correct below.
Romain Bardet
Jules Rimet
Camille Lacourt
Christian Dior
Thibaut Pinot
Charles Pathé
Amandine Leynaud
Jacques Higelin
Julien Faubert
Amaury Leveaux
Frank Darabont
Henri Delaunay
Frères Lumière
Camel Meriem
Tahar Rahim
Hubert-Félix Thiéfaine
Louis Vuitton
Roschdy Zem
Jean-Luc Godard
Laura Glauser
 
Statistiques - réponses
Réponse % Correct
Thibaut Pinot
60%
Frères Lumière
53%
Hubert-Félix Thiéfaine
47%
Jules Rimet
33%
Camel Meriem
27%
Laura Glauser
27%
Louis Vuitton
27%
Tahar Rahim
27%
Frank Darabont
20%
Amaury Leveaux
13%
Aucun quiz correspondant
Distribution des résultats
% des personnes avec chaque résultat
Percentile par nombre de réponses
Votre historique - résultats
Vous n’avez pas pris ce quiz depuis la dernière actualisation